|
|
|
|
| LEADER |
00669nab a2200169 i 4500 |
| 001 |
misc15787 |
| 005 |
20191106142239.0 |
| 008 |
170607s1935 hu o 0|| hun d |
| 040 |
|
|
|a SZTE Miscellanea Repozitórium
|b hun
|
| 041 |
|
|
|a hun
|
| 100 |
1 |
|
|a Nyulászi János
|
| 245 |
1 |
3 |
|a Az ötödik hitelrögzítő egyezmény
|h [elektronikus dokumentum] /
|c Nyulászi János
|
| 260 |
|
|
|c 1935
|
| 300 |
|
|
|a 408-415a
|
| 490 |
0 |
|
|a Polgári jog : a hazai és külföldi magánjog és hiteljog szemléje
|v 11
|
| 695 |
|
|
|a Hitelpolitika Magyarország 1935, Pénzügyi politika devizakorlátozás
|
| 856 |
4 |
0 |
|u http://misc.bibl.u-szeged.hu/15787/1/polgari_jog_1935_408-415a.pdf
|z Dokumentum-elérés
|